000 00546nam a2200205Ia 4500
005 20250923145431.0
008 008 250917s9999 xx 000 0 eng d
037 _aTextual
040 _aDSWL
_beng
_cDSWL
041 _aeng
_2eng
084 _aYX, N77
_qDSWL
245 0 _aConcepts and methods of social work
_c by W.A.Friedlander
250 _a2nd
260 _aNew Delhi
_b Prentice Hall
_c1977
300 _ax,243 p.
365 _aINR
_b17.1
925 _g17.1
942 _cTEXL
_hYX, N77
999 _c1451311
_d1451311